|
|
|
|
| LEADER |
00000nam0a2200000 4500 |
| 001 |
52353 |
| 005 |
20231031041513.0 |
| 010 |
|
|
|a 5878290375
|
| 035 |
|
|
|a (RuTPU)RU\TPU\book\54860
|
| 090 |
|
|
|a 52353
|
| 100 |
|
|
|a 20030529d1996 m y0rusy50 ca
|
| 101 |
0 |
|
|a rus
|
| 102 |
|
|
|a RU
|
| 105 |
|
|
|a a j 001zy
|
| 200 |
1 |
|
|a Вычислительная математика для инженеров-экологов
|e Методическое пособие
|f А. Н. Супрун, В. В. Найденко
|
| 210 |
|
|
|a Москва
|c Изд-во АСВ
|d 1996
|
| 215 |
|
|
|a 391 с.
|c ил.
|
| 320 |
|
|
|a Библиогр.: с. 383-385.
|
| 320 |
|
|
|a Предм. указ.: с. 386-391.
|
| 610 |
1 |
|
|a вычислительная математика
|
| 610 |
1 |
|
|a численные методы
|
| 610 |
1 |
|
|a алгоритмы
|
| 610 |
1 |
|
|a алгебраические уравнения
|
| 610 |
1 |
|
|a трансцендентные уравнения
|
| 610 |
1 |
|
|a системы уравнений
|
| 610 |
1 |
|
|a интерполяция
|
| 610 |
1 |
|
|a аппроксимация
|
| 610 |
1 |
|
|a численное интегрирование
|
| 610 |
1 |
|
|a численное дифференцирование
|
| 610 |
1 |
|
|a дифференциальные уравнения
|
| 610 |
1 |
|
|a оптимизация
|
| 610 |
1 |
|
|a учебные пособия
|
| 610 |
1 |
|
|a методические пособия
|
| 675 |
|
|
|a 519.6(075.8)
|v 3
|
| 700 |
|
1 |
|a Супрун
|b А. Н.
|g Анатолий Николаевич
|
| 701 |
|
1 |
|a Найденко
|b В. В.
|g Валентин Васильевич
|
| 801 |
|
1 |
|a RU
|b 63413507
|c 20030529
|g PSBO
|
| 801 |
|
2 |
|a RU
|b 63413507
|c 20120530
|g PSBO
|
| 900 |
|
|
|a Вычислительная математика
|
| 900 |
|
|
|a Экология
|
| 942 |
|
|
|c BK
|
| 951 |
|
|
|b 013100
|